00321nam a2200109Ia 4500008004100000020001500041050002100056245006900077260003100146300001500177650001900192151021s9999 xx 000 0 und d a9966707670 aHD3028.Y33 2010  a_Guidelines on how to write MBA projects strategies and tactics  aNairobi Lelax global 2010  aviii,64p.  a_MBA projects